000
00316nam a22001457a 4500
008
240129b ||||| |||| 00| 0 eng d
020
_a
0905223888
041
_a
eng
080
_2
1984
_a
618
082
_a
618MAH
100
_a
15
101
_a
GJINE
245
_a
PRACTICAL ETHICS
_c
JOSEPH MAHON
942
_2
udc
_c
BK
999
_c
60567
_d
60567